[Event "Titled Tuesday intern op 16th Apr Early"]
[Site "Chess.com INT"]
[Date "2024.04.16"]
[Round "10"]
[White "Santos Flores, Alberto Javier"]
[Black "Sasvatha, A."]
[Result "1-0"]
[WhiteElo "2183"]
[BlackElo "1844"]
[PlyCount "135"]
[EventDate "2024.04.16"]
[EventType "swiss (blitz)"]
[EventRounds "11"]
[EventCountry "USA"]
[SourceTitle "CB17_2024"]
[SourceDate "2024.04.24"]
[SourceVersion "1"]
[SourceVersionDate "2024.04.24"]
[SourceQuality "1"]

1. e4 c6 2. c4 d5 3. exd5 cxd5 4. cxd5 Qxd5 5. Nc3 Qd8 6. d4 Nf6 7. Nf3 e6 8. Ne5 Be7 9. Bc4 0-0 10. 0-0 Nbd7 11. Bb3 Nxe5 12. dxe5 Qxd1 13. Rxd1 Nd7 14. f4 b6 15. Be3 Nc5 16. Bc2 Bb7 17. b4 Na6 18. a3 Rfd8 19. Ne4 Rxd1+ 20. Rxd1 Bxe4 21. Bxe4 Rd8 22. Rxd8+ Bxd8 23. Kf2 Kf8 24. Ke2 h6 25. Kd3 Ke7 26. Kc4 Nc7 27. a4 Kd7 28. a5 b5+ 29. Kc5 Be7+ 30. Kd4 Bxb4 31. Kd3 Bxa5 32. Bxa7 b4 33. Kc4 Kc8 34. Bc5 Kd7 35. Bf8 Bb6 36. Bxg7 h5 37. Bf8 Be3 38. Bh6 Bd2 39. g3 Be3 40. Bf3 Bg1 41. h3 Bh2 42. Bxh5 Bxg3 43. Bxf7 Nd5 44. f5 Bxe5 45. Bxe6+ Kd6 46. Bxd5 b3 47. Be4 Bf6 48. Kxb3 Ke5 49. Bb1 Kd4 50. Kc2 Be5 51. Kd2 Bf6 52. Ke2 Ke5 53. Kf3 Bh8 54. Kg4 Bf6 55. Bg5 Bh8 56. h4 Kd6 57. Kh5 Ke5 58. Kg6 Kd6 59. f6 Kd7 60. f7 Ke6 61. f8Q Bf6 62. Qxf6+ Kd5 63. h5 Kc4 64. h6 Kb3 65. h7 Ka4 66. Qb6 Ka3 67. Be7+ Ka4 68. Qb4# 1-0

[Event "Titled Tuesday intern op 02nd Apr Late"]
[Site "Chess.com INT"]
[Date "2024.04.02"]
[Round "11"]
[White "Papayan, Oleg"]
[Black "Santos Flores, Alberto Javier"]
[Result "1-0"]
[WhiteElo "2183"]
[BlackElo "2183"]
[PlyCount "101"]
[EventDate "2024.04.02"]
[EventType "swiss (blitz)"]
[EventRounds "11"]
[EventCountry "USA"]
[SourceTitle "CB15_2024"]
[SourceDate "2024.04.10"]
[SourceVersion "1"]
[SourceVersionDate "2024.04.10"]
[SourceQuality "1"]

1. c4 c5 2. Nc3 g6 3. h4 Nf6 4. h5 Nxh5 5. e4 Nc6 6. Be2 Nf6 7. d3 d6 8. Nf3 Bg4 9. Ng5 Bxe2 10. Nxe2 Bg7 11. Be3 Qa5+ 12. Kf1 h6 13. Nf3 Ng4 14. Bd2 Qc7 15. Bc3 Nge5 16. Nf4 e6 17. a3 0-0 18. Rc1 Qe7 19. b4 Nxf3 20. Bxg7 Kxg7 21. Qxf3 Qf6 22. Qg3 Qg5 23. Qe3 cxb4 24. axb4 Nxb4 25. Rb1 a5 26. Rh3 e5 27. Nh5+ Kh7 28. Nf6+ Kg7 29. Nh5+ Kg8 30. Qf3 f5 31. Ng3 fxe4 32. Qxe4 Rf4 33. Qxb7 Raf8 34. Ne4 Qf5 35. Kg1 h5 36. Rg3 Nc2 37. Rg5 Qf7 38. Qxf7+ R4xf7 39. Nxd6 Rxf2 40. Rxg6+ Kh7 41. Re6 Nd4 42. Rb7+ Kh8 43. Rh6+ Kg8 44. Rg6+ Kh8 45. Ne4 R2f7 46. Rbb6 Nf5 47. Ng5 Rg7 48. Rxg7 Kxg7 49. Ne6+ Kf7 50. Nxf8 Kxf8 51. Rf6+ 1-0

[Event "Titled Tuesday intern op 12th Mar Early"]
[Site "Chess.com INT"]
[Date "2024.03.12"]
[Round "1"]
[White "Deac, Bogdan Daniel"]
[Black "Santos Flores, Alberto Javier"]
[Result "1-0"]
[WhiteElo "2690"]
[BlackElo "2183"]
[PlyCount "65"]
[EventDate "2024.03.12"]
[EventType "swiss (blitz)"]
[EventRounds "11"]
[EventCountry "USA"]
[SourceTitle "CB12_2024"]
[SourceDate "2023.10.01"]
[SourceVersion "1"]
[SourceVersionDate "2023.10.01"]
[SourceQuality "1"]

1. d4 Nf6 2. Nf3 d6 3. Nc3 Bf5 4. Nh4 Bg4 5. h3 Bh5 6. g4 Bg6 7. Bg2 c6 8. f4 e6 9. 0-0 Nxg4 10. Nxg6 hxg6 11. hxg4 Qh4 12. Rf3 Qxg4 13. e4 Nd7 14. Rh3 Qxd1+ 15. Nxd1 Rxh3 16. Bxh3 Nf6 17. Nf2 Be7 18. Bd2 Kd7 19. f5 gxf5 20. exf5 e5 21. dxe5 dxe5 22. Re1 Bd6 23. Bg5 Rh8 24. Kg2 Rh5 25. Bxf6 gxf6 26. Ne4 Be7 27. Bg4 Rh8 28. Rh1 Rxh1 29. Kxh1 c5 30. c4 Kc6 31. Bh5 b5 32. Bxf7 bxc4 33. Bxc4 1-0

[Event "Titled Tuesday intern op 12th Mar Early"]
[Site "Chess.com INT"]
[Date "2024.03.12"]
[Round "9"]
[White "Koshulyan, Egor A"]
[Black "Santos Flores, Alberto Javier"]
[Result "1-0"]
[WhiteElo "2176"]
[BlackElo "2183"]
[PlyCount "103"]
[EventDate "2024.03.12"]
[EventType "swiss (blitz)"]
[EventRounds "11"]
[EventCountry "USA"]
[SourceTitle "CB12_2024"]
[SourceDate "2023.10.01"]
[SourceVersion "1"]
[SourceVersionDate "2023.10.01"]
[SourceQuality "1"]

1. e4 e6 2. d4 d5 3. e5 c5 4. c3 Qb6 5. Nf3 Nc6 6. Na3 cxd4 7. cxd4 Bxa3 8. bxa3 Nge7 9. Bd3 Qa5+ 10. Qd2 Qxd2+ 11. Bxd2 b6 12. 0-0 Bd7 13. Rfc1 0-0 14. Rab1 Rfc8 15. Ba6 Rc7 16. Bb4 Be8 17. Bd6 Rd7 18. Rb2 Rdd8 19. Bb7 Rab8 20. Bxb8 Rxb8 21. Bxc6 Nxc6 22. Rbc2 Rc8 23. Nd2 Kf8 24. Nb3 Ke7 25. Kf1 Bd7 26. Ke2 Kd8 27. Ke3 Kc7 28. Rb1 f6 29. f4 Rf8 30. Rf2 Be8 31. Rc1 Kb7 32. g4 f5 33. h3 Bd7 34. Rb2 Kc7 35. Rg2 g6 36. Nd2 Kb7 37. Nf3 Na5 38. Ng5 h6 39. Nh7 Rf7 40. Nf6 Nc4+ 41. Kf3 Bc8 42. gxf5 gxf5 43. Rg8 Rc7 44. Ke2 b5 45. Rh8 Rg7 46. Kf2 a5 47. Rxh6 Nxa3 48. Rh7 Rxh7 49. Nxh7 Nc4 50. h4 Bd7 51. Nf6 Kc7 52. h5 1-0

[Event "Titled Tuesday intern op 13th Feb Early"]
[Site "Chess.com INT"]
[Date "2024.02.13"]
[Round "3"]
[White "Jackson, Edward"]
[Black "Santos Flores, Alberto Javier"]
[Result "0-1"]
[WhiteElo "2156"]
[BlackElo "2183"]
[PlyCount "44"]
[EventDate "2024.02.13"]
[EventType "swiss (blitz)"]
[EventRounds "11"]
[EventCountry "USA"]
[SourceTitle "CB08_2024"]
[SourceDate "2024.02.21"]
[SourceVersion "1"]
[SourceVersionDate "2024.02.21"]
[SourceQuality "1"]

1. e4 e6 2. d4 d5 3. Nd2 c5 4. exd5 Qxd5 5. Ngf3 cxd4 6. Bc4 Qd6 7. 0-0 Nf6 8. Nb3 Nc6 9. Nbxd4 Nxd4 10. Nxd4 a6 11. Re1 Qc7 12. Bb3 Bd7 13. c3 Bd6 14. Nf5 Bxh2+ 15. Kh1 0-0-0 16. Ne7+ Kb8 17. Qf3 Bd6 18. Bg5 Bxe7 19. Rad1 Bc6 20. Qe3 Rxd1 21. Rxd1 Rd8 22. Re1 Ng4 0-1

[Event "Titled Tuesday intern op 13th Feb Early"]
[Site "Chess.com INT"]
[Date "2024.02.13"]
[Round "8"]
[White "Santos Flores, Alberto Javier"]
[Black "Mekhitarian, Krikor Sevag"]
[Result "1/2-1/2"]
[WhiteElo "2183"]
[BlackElo "2554"]
[PlyCount "140"]
[EventDate "2024.02.13"]
[EventType "swiss (blitz)"]
[EventRounds "11"]
[EventCountry "USA"]
[SourceTitle "CB08_2024"]
[SourceDate "2024.02.21"]
[SourceVersion "1"]
[SourceVersionDate "2024.02.21"]
[SourceQuality "1"]

1. e4 c5 2. Nf3 Nc6 3. Nc3 Nf6 4. d4 cxd4 5. Nxd4 e5 6. Ndb5 d6 7. Bg5 a6 8. Na3 b5 9. Bxf6 gxf6 10. Nd5 Bg7 11. c3 f5 12. exf5 Bxf5 13. Nc2 Be6 14. Nce3 0-0 15. Bd3 f5 16. 0-0 Ra7 17. Bc2 Raf7 18. f4 e4 19. a4 b4 20. Qe2 Ra7 21. Rfd1 Qb8 22. g4 fxg4 23. Bxe4 h5 24. f5 Bc8 25. f6 Bh6 26. Nf5 Bxf5 27. Bxf5 Ne5 28. Qe4 bxc3 29. bxc3 Kh8 30. Rab1 Rb7 31. Rxb7 Qxb7 32. Rb1 Qa7+ 33. Kg2 Bg5 34. Be6 Bxf6 35. Qf5 Qh7 36. Rf1 Bg7 37. Qxh7+ Kxh7 38. Rxf8 Bxf8 39. a5 Nc6 40. Nb4 Nxa5 41. Nxa6 Bg7 42. c4 Bd4 43. Nb4 Kg7 44. Nd3 Nb7 45. Bd5 Nd8 46. Nf4 Kh6 47. Ne6 Nf7 48. Nxd4 Ne5 49. Nf5+ Kg5 50. Ne3 Nd3 51. Nc2 Nc5 52. Nd4 Nd3 53. Nb5 h4 54. Nxd6 Nf4+ 55. Kf1 h3 56. Ne4+ Kf5 57. Ng3+ Ke5 58. Bg8 Nd3 59. Bh7 Nc5 60. Bf5 Kf4 61. Bc8 Nb3 62. Ne2+ Ke3 63. Nc3 Nd2+ 64. Ke1 Nxc4 65. Bxg4 Ne5 66. Bxh3 Nf3+ 67. Kd1 Nxh2 68. Ne2 Nf3 69. Bg2 Nd4 70. Nxd4 Kxd4 1/2-1/2

[Event "Titled Tuesday intern op 06th Feb Early"]
[Site "Chess.com INT"]
[Date "2024.02.06"]
[Round "1"]
[White "Guzman Lozano, Campo Elias"]
[Black "Santos Flores, Alberto Javier"]
[Result "0-1"]
[WhiteElo "1837"]
[BlackElo "2183"]
[PlyCount "74"]
[EventDate "2024.02.06"]
[EventType "swiss (blitz)"]
[EventRounds "11"]
[EventCountry "USA"]
[SourceTitle "CB07_2024"]
[SourceDate "2024.02.14"]
[SourceVersion "1"]
[SourceVersionDate "2024.02.14"]
[SourceQuality "1"]

1. d4 d5 2. Bg5 Bf5 3. Nd2 Nd7 4. c3 c6 5. Ngf3 Ngf6 6. e3 h6 7. Bxf6 Nxf6 8. Ne5 e6 9. Be2 Bd6 10. f4 Ne4 11. Nxe4 Bxe4 12. Bf3 Bxf3 13. Qxf3 0-0 14. 0-0 c5 15. Kh1 b5 16. Nd3 c4 17. Ne5 a5 18. g4 b4 19. Rf2 a4 20. cxb4 Bxb4 21. Nc6 Qd6 22. Nxb4 Qxb4 23. Rc2 a3 24. Rb1 Rfb8 25. b3 cxb3 26. Rxb3 Qxb3 27. axb3 a2 28. Rxa2 Rxa2 29. e4 Rc8 30. Qe3 dxe4 31. f5 exf5 32. gxf5 Rcc2 33. Qe1 e3 34. f6 Rxh2+ 35. Kg1 Rag2+ 36. Kf1 e2+ 37. Qxe2 Rxe2 0-1

[Event "Titled Tuesday intern op 16th Jan Late"]
[Site "Chess.com INT"]
[Date "2024.01.16"]
[Round "6"]
[White "Cardozo Munar, Carlos Eduardo"]
[Black "Santos Flores, Alberto Javier"]
[Result "1-0"]
[WhiteElo "2043"]
[BlackElo "2183"]
[PlyCount "115"]
[EventDate "2024.01.16"]
[EventType "swiss (blitz)"]
[EventRounds "11"]
[EventCountry "USA"]
[SourceTitle "CB04_2024"]
[SourceDate "2023.10.16"]
[SourceVersion "1"]
[SourceVersionDate "2023.10.16"]
[SourceQuality "1"]

1. d4 Nf6 2. Bg5 Ne4 3. h4 c5 4. d5 g6 5. Nd2 Nxg5 6. hxg5 Bg7 7. c3 d6 8. Ngf3 Bg4 9. e4 h5 10. gxh6 Rxh6 11. Rxh6 Bxh6 12. Be2 Nd7 13. Qb3 Qb6 14. Qxb6 Nxb6 15. 0-0-0 Bxf3 16. gxf3 Kf8 17. Kc2 Bxd2 18. Kxd2 Kg7 19. b3 Rh8 20. a4 Nd7 21. Ke3 Rh3 22. Rb1 f6 23. b4 b6 24. a5 g5 25. a6 Kf7 26. bxc5 Nxc5 27. Kd4 Rh8 28. Bb5 Rh2 29. Ke3 Rh3 30. Rg1 Rh8 31. Ra1 Rc8 32. Bc6 Rc7 33. Ra3 Nd7 34. Bxd7 Rxd7 35. c4 Rc7 36. Kd4 Rc5 37. Ra2 Ke8 38. Ra1 Kd7 39. Kc3 b5 40. Kb4 bxc4 41. Kc3 Rb5 42. Kxc4 Rb2 43. Ra3 Ke8 44. Rb3 Rxf2 45. Rb7 Rxf3 46. Rxa7 Ra3 47. Kb5 Kf7 48. Rc7 f5 49. exf5 Kf6 50. a7 g4 51. Kb6 g3 52. Rc8 Kxf5 53. a8Q Rxa8 54. Rxa8 Ke4 55. Kc6 Ke5 56. Re8 Kf6 57. Rg8 e6 58. Kxd6 1-0

[Event "Titled Tuesday intern op 16th Jan Late"]
[Site "Chess.com INT"]
[Date "2024.01.16"]
[Round "7"]
[White "Ng, Gary"]
[Black "Santos Flores, Alberto Javier"]
[Result "0-1"]
[WhiteElo "2205"]
[BlackElo "2183"]
[PlyCount "38"]
[EventDate "2024.01.16"]
[EventType "swiss (blitz)"]
[EventRounds "11"]
[EventCountry "USA"]
[SourceTitle "CB04_2024"]
[SourceDate "2023.10.16"]
[SourceVersion "1"]
[SourceVersionDate "2023.10.16"]
[SourceQuality "1"]

1. d4 Nf6 2. Bf4 g6 3. Nc3 d5 4. e3 Bg7 5. h4 c5 6. h5 Nxh5 7. Rxh5 gxh5 8. Qxh5 e6 9. 0-0-0 cxd4 10. exd4 a6 11. Nf3 Nc6 12. Ng5 Qf6 13. Be5 Nxe5 14. dxe5 Qg6 15. Qh4 Bxe5 16. Bd3 Qg7 17. Na4 Bf6 18. f4 h6 19. Rh1 hxg5 0-1

[Event "Titled Tuesday intern op 16th Jan Early"]
[Site "Chess.com INT"]
[Date "2024.01.16"]
[Round "3"]
[White "Santos Flores, Alberto Javier"]
[Black "Hnatyshyn, Anastasiya"]
[Result "1/2-1/2"]
[WhiteElo "2183"]
[BlackElo "2152"]
[PlyCount "127"]
[EventDate "2024.01.16"]
[EventType "swiss (blitz)"]
[EventRounds "11"]
[EventCountry "USA"]
[SourceTitle "CB04_2024"]
[SourceDate "2023.10.16"]
[SourceVersion "1"]
[SourceVersionDate "2023.10.16"]
[SourceQuality "1"]

1. e4 e6 2. d4 d5 3. Nc3 Bb4 4. e5 c5 5. a3 Bxc3+ 6. bxc3 Ne7 7. Nf3 Nbc6 8. a4 0-0 9. h4 h6 10. Bd3 c4 11. Be2 a6 12. g4 Kh8 13. Be3 Bd7 14. Qd2 Ng8 15. h5 f5 16. g5 Qe7 17. gxh6 gxh6 18. Bxh6 Nxh6 19. Qxh6+ Qh7 20. Qxh7+ Kxh7 21. Kd2 Rg8 22. Rag1 Kh6 23. Nh4 Ne7 24. Ng6 Rg7 25. Nxe7 Rxe7 26. Rg6+ Kh7 27. Rhg1 Bxa4 28. h6 Rae8 29. Bh5 Bc6 30. Rg7+ Kxh6 31. Bxe8 Rxg7 32. Rh1+ Kg5 33. Bxc6 bxc6 34. Ra1 Ra7 35. Rg1+ Kf4 36. Rg8 a5 37. Re8 a4 38. Kc1 a3 39. Kb1 Rb7+ 40. Ka2 Rb2+ 41. Kxa3 Rxc2 42. Kb4 Rxf2 43. Rxe6 Ke3 44. Rxc6 Kd3 45. Rf6 f4 46. e6 Re2 47. Rxf4 Rxe6 48. Rf3+ Ke4 49. Rh3 Re8 50. Rh6 Kd3 51. Rh3+ Ke4 52. Kc5 Rc8+ 53. Kd6 Rd8+ 54. Kc7 Rg8 55. Rh5 Kd3 56. Rxd5 Kxc3 57. Rd6 Kd3 58. d5 c3 59. Rc6 c2 60. d6 Kd2 61. d7 c1Q 62. Rxc1 Kxc1 63. d8Q Rxd8 64. Kxd8 1/2-1/2

[Event "Titled Tuesday intern op 16th Jan Early"]
[Site "Chess.com INT"]
[Date "2024.01.16"]
[Round "2"]
[White "Santos Flores, Alberto Javier"]
[Black "Klepikov, Nikita"]
[Result "0-1"]
[WhiteElo "2183"]
[BlackElo "2059"]
[PlyCount "102"]
[EventDate "2024.01.16"]
[EventType "swiss (blitz)"]
[EventRounds "11"]
[EventCountry "USA"]
[SourceTitle "CB04_2024"]
[SourceDate "2023.10.16"]
[SourceVersion "1"]
[SourceVersionDate "2023.10.16"]
[SourceQuality "1"]

1. e4 c5 2. Nf3 Nc6 3. Nc3 g6 4. d4 cxd4 5. Nxd4 Bg7 6. Be3 Nf6 7. Bc4 0-0 8. Bb3 Re8 9. f3 e6 10. f4 d5 11. e5 Nd7 12. Qd2 Nxd4 13. Bxd4 b6 14. 0-0-0 Nc5 15. g4 a5 16. a4 Bd7 17. Kb1 Qe7 18. f5 Nxb3 19. cxb3 Qb4 20. f6 Bf8 21. h4 h6 22. h5 g5 23. Be3 Bc6 24. Bxg5 hxg5 25. Qxg5+ Kh7 26. Qe3 Qxg4 27. Rhg1 Qf5+ 28. Ka2 Bh6 29. Qxb6 Rec8 30. Qd4 Rab8 31. Rg2 Rb4 32. Qa7 Rf8 33. Qxa5 Rb7 34. Qc5 Rc7 35. Qd6 Rcc8 36. Ne2 d4 37. Nxd4 Qxh5 38. Rgd2 Bd5 39. Rf2 Rb8 40. Rff1 Rbd8 41. Qc7 Rc8 42. Qe7 Qh4 43. Rh1 Bxh1 44. Rxh1 Qxh1 45. Nxe6 Qh5 46. Nxf8+ Rxf8 47. a5 Qg4 48. Qc5 Qe6 49. Ka3 Rb8 50. b4 Bd2 51. b5 Bxa5 0-1

[Event "Titled Tuesday intern op 16th Jan Late"]
[Site "Chess.com INT"]
[Date "2024.01.16"]
[Round "3"]
[White "Santos Flores, Alberto Javier"]
[Black "Korchmar, Vasiliy"]
[Result "0-1"]
[WhiteElo "2183"]
[BlackElo "2438"]
[PlyCount "60"]
[EventDate "2024.01.16"]
[EventType "swiss (blitz)"]
[EventRounds "11"]
[EventCountry "USA"]
[SourceTitle "CB04_2024"]
[SourceDate "2023.10.16"]
[SourceVersion "1"]
[SourceVersionDate "2023.10.16"]
[SourceQuality "1"]

1. e4 c5 2. Nf3 d6 3. Bb5+ Bd7 4. c4 g6 5. Nc3 Bg7 6. Bxd7+ Qxd7 7. d4 cxd4 8. Nxd4 Nc6 9. Be3 Nf6 10. f3 0-0 11. b3 Rac8 12. Rc1 Rfd8 13. 0-0 e6 14. Qd2 Qe8 15. Rfe1 Qf8 16. Qf2 a6 17. Red1 Ne5 18. h3 Nfd7 19. f4 Nc6 20. Nxc6 Rxc6 21. Bd4 Rdc8 22. Bxg7 Qxg7 23. Ne2 Nc5 24. Qe3 Qb2 25. Rd2 Qa3 26. Rcd1 Nd7 27. e5 Rxc4 28. Rxd6 Nf8 29. R1d2 Rc2 30. Nd4 Qc1+ 0-1

[Event "Titled Tuesday intern op 16th Jan Early"]
[Site "Chess.com INT"]
[Date "2024.01.16"]
[Round "6"]
[White "Santos Flores, Alberto Javier"]
[Black "Sava, Ana Maria"]
[Result "1-0"]
[WhiteElo "2183"]
[BlackElo "1916"]
[PlyCount "47"]
[EventDate "2024.01.16"]
[EventType "swiss (blitz)"]
[EventRounds "11"]
[EventCountry "USA"]
[SourceTitle "CB04_2024"]
[SourceDate "2023.10.16"]
[SourceVersion "1"]
[SourceVersionDate "2023.10.16"]
[SourceQuality "1"]

1. e4 e5 2. Nf3 Nf6 3. Nxe5 Qe7 4. d4 d6 5. Nf3 Nxe4 6. Be2 Nf6 7. 0-0 c6 8. Re1 Be6 9. Ng5 h6 10. Nxe6 fxe6 11. Bh5+ Kd7 12. c4 Na6 13. Nc3 Nc7 14. Bg4 d5 15. cxd5 Nfxd5 16. Nxd5 cxd5 17. Bf4 g5 18. Bxc7 Kxc7 19. Rc1+ Kd7 20. Rxe6 Qxe6 21. Bxe6+ Kxe6 22. Qg4+ Kd6 23. Qg3+ Ke6 24. Qe5+ 1-0